Prediktívny Stanley regulátor pre riadenie vozidla

Gespeichert in:
Bibliographische Detailangaben
1. Verfasser: Badura, Martin (Verfasst von)
Weitere Verfasser: Magdolen, Ľuboš (Betreuung Doktorarbeit)
Format: Manuskript Buch
Sprache:Slowakisch
Veröffentlicht: 2023
Schlagworte:
Online-Zugang:http://is.stuba.sk/zp/portal_zp.pl?podrobnosti=166282
Tags: Tag hinzufügen
Keine Tags, Fügen Sie das erste Tag hinzu!

MARC

LEADER 00000ntm a22000003a 4500
001 stuzp94797
003 SK-STU
005 20240327113357.0
007 ta
008 150427s2015----xo-----f-mn---000-0-slo-d
040 |a STU  |b slo 
041 0 |a slo 
100 1 |a Badura, Martin  |u 020030  |4 aut  |U SjF Strojnícka fakulta  |T SjF Ústav dopravnej techniky a konštruovania  |X 110726  |U J0030  |Y 806  |7 110726 
242 0 1 |a Predictive Stanley controller for vehicle control  |y eng 
245 1 0 |a Prediktívny Stanley regulátor pre riadenie vozidla 
260 |c 2023 
650 4 |a Stanley regulátor  |2 slo 
650 4 |a Simulink  |2 slo 
650 4 |a jazdná dynamika  |2 slo 
650 4 |a MATLAB  |2 slo 
650 4 |a simulácia  |2 slo 
650 4 |a MATLAB  |2 eng 
650 4 |a simulation  |2 eng 
650 4 |a Simulink  |2 eng 
650 4 |a Stanley controller  |2 eng 
650 4 |a vehicle dynamics  |2 eng 
700 1 |a Magdolen, Ľuboš  |u 020030  |k Z1  |4 ths  |U SjF Strojnícka fakulta  |T SjF Ústav dopravnej techniky a konštruovania  |X 2362  |U J0030  |Y 806  |7 A00002362 
856 4 |u http://is.stuba.sk/zp/portal_zp.pl?podrobnosti=166282 
996 |b 284J047361  |c J* 3581/DBP  |l JJSK  |s A  |a 24  |w stuzp94797_0001